MyGZULibrary

Law and development : (Record no. 9190)

MARC details
000 -LEADER
fixed length control field 01717cam a2200397 i 4500
001 - CONTROL NUMBER
control field 20524366
003 - CONTROL NUMBER IDENTIFIER
control field K3820.LEE 2019
005 - DATE AND TIME OF LATEST TRANSACTION
control field 20210607151250.0
008 - FIXED-LENGTH DATA ELEMENTS--GENERAL INFORMATION
fixed length control field 180601s2018 enka b 001 0 eng
010 ## - LIBRARY OF CONGRESS CONTROL NUMBER
LC control number 2018026486
020 ## - INTERNATIONAL STANDARD BOOK NUMBER
International Standard Book Number 9781138556690 (hbk)
020 ## - INTERNATIONAL STANDARD BOOK NUMBER
Canceled/invalid ISBN 9781315150253 (ebk)
020 ## - INTERNATIONAL STANDARD BOOK NUMBER
Canceled/invalid ISBN 9781351368087
Qualifying information ebook
040 ## - CATALOGING SOURCE
Original cataloging agency DLC
Language of cataloging eng
Transcribing agency DLC
Description conventions rda
Modifying agency DLC
042 ## - AUTHENTICATION CODE
Authentication code pcc
050 00 - LIBRARY OF CONGRESS CALL NUMBER
Classification number K3820
Item number .L383 2019
082 00 - DEWEY DECIMAL CLASSIFICATION NUMBER
Classification number 343.07
Edition number 23
100 1# - MAIN ENTRY--PERSONAL NAME
Personal name Lee, Yong-Shik,
Dates associated with a name 1968-
Relator term author.
245 10 - TITLE STATEMENT
Title Law and development :
Remainder of title theory and practice /
Statement of responsibility, etc. Yong-Shik Lee.
264 #1 - PRODUCTION, PUBLICATION, DISTRIBUTION, MANUFACTURE, AND COPYRIGHT NOTICE
Place of production, publication, distribution, manufacture Abingdon, Oxon ;
-- New York, NY :
Name of producer, publisher, distributor, manufacturer Routledge,
Date of production, publication, distribution, manufacture, or copyright notice 2019.
300 ## - PHYSICAL DESCRIPTION
Extent xix, 197 pages :
Other physical details illustrations ;
Dimensions 24 cm.
336 ## - CONTENT TYPE
Content type term text
Content type code txt
Source rdacontent
337 ## - MEDIA TYPE
Media type term unmediated
Media type code n
Source rdamedia
338 ## - CARRIER TYPE
Carrier type term volume
Carrier type code nc
Source rdacarrier
490 0# - SERIES STATEMENT
Series statement Routledge studies in development economics.
500 ## - GENERAL NOTE
General note Includes bibliographical references (pages 170-190) and index.
504 ## - BIBLIOGRAPHY, ETC. NOTE
Bibliography, etc. note Includes bibliographical references (pages 170-190) and index.
505 0# - FORMATTED CONTENTS NOTE
Formatted contents note What Is law and development? -- Evolution of law and development -- General theory of law and development -- Law and development in South Korea -- Law and development in South Africa -- Application of the law and development approach in the United States -- Law reform projects and analytical law and development model.
600 ## - SUBJECT ADDED ENTRY--PERSONAL NAME
Source of heading or term Law and development
650 #0 - SUBJECT ADDED ENTRY--TOPICAL TERM
Topical term or geographic name entry element Law and economic development.
650 #0 - SUBJECT ADDED ENTRY--TOPICAL TERM
Topical term or geographic name entry element Law and economics.
650 #0 - SUBJECT ADDED ENTRY--TOPICAL TERM
Topical term or geographic name entry element Law
General subdivision Economic aspects.
906 ## - LOCAL DATA ELEMENT F, LDF (RLIN)
a 7
b cbc
c orignew
d 1
e ecip
f 20
g y-gencatlg
942 ## - ADDED ENTRY ELEMENTS (KOHA)
Source of classification or shelving scheme Library of Congress Classification
Koha item type Books
Classification part 3820
Item part LEE
Call number prefix K
Holdings
Withdrawn status Lost status Damaged status Not for loan Collection code Home library Current library Shelving location Date acquired Total Checkouts Total Renewals Full call number Barcode Date last seen Date last checked out Copy number Price effective from Koha item type Date due
        Non-fiction Law Library City Campus Library General Stacks 06/07/2021 4 3 K3820 LEE 2019 031105 03/27/2026 03/20/2026 C. 1 06/07/2021 Books  
        Non-fiction Law Library Law Library General Stacks 11/13/2021 11 7 k3820 LEE 2019 031104 05/13/2026 05/13/2026 C-2 11/13/2021 Books 05/21/2026